| 000 | 00558nam a2200205 a 4500 | ||
|---|---|---|---|
| 005 | 20210219152828.0 | ||
| 008 | 991125n 000 0 spa u | ||
| 035 | _aUPN01000062539 | ||
| 100 | _aRICO MONTERO, Pilar | ||
| 222 | _aCIENCIAS PEDAGOGICAS | ||
| 245 | _aLas acciones de control y valoración de la actividad docente | ||
| 300 | _a49-56 | ||
| 362 | _a1989 Año 10, no. 19, jul.-dic. | ||
| 653 | 0 | _aALUMNOS | |
| 653 | 0 | _aDOCENTES | |
| 653 | 0 | _aEDUCACION PRIMARIA | |
| 653 | 0 | _aPRACTICA DOCENTE | |
| 904 |
_aAC _b000350 |
||
| 905 | _aArticulo | ||
| 999 |
_c61779 _d61779 |
||